000 02015cam a22004338i 4500
001 20280774
003 NUST
005 20220825123522.0
006 m |o d |
007 cr_|||||||||||
008 180116s2018 meu ob 000 0 eng
010 _a 2018001941
020 _a9781625311184 (ebook)
020 _z9781625311177 (pbk. : alk. paper)
038 _aAzhar
040 _aDLC
_beng
_erda
_cDLC
042 _apcc
050 1 0 _aLB1576
082 0 0 _a372.623
_223
_bCUL
100 1 _aCulham, Ruth,
_eauthor.
_996131
245 1 0 _aTeach writing well :
_bhow to assess writing, invigorate instruction, and rethink revision
_cRuth Culham.
260 _aPortland, Maine :
_bStenhouse Publishers,
_c2018
263 _a1804
300 _a239p
336 _atext
_btxt
_2rdacontent
337 _acomputer
_bn
_2rdamedia
338 _aonline resource
_bnc
_2rdacarrier
504 _aIncludes bibliographical references.
505 0 _aRead the writing -- Thinking back and thinking forward with the traits of writing -- Formative assessment : the heart of the matter -- Modes of writing : the challenges and rewards -- Tools and talk to guide revision -- Teach the writer -- Rethinking revision : the real work of writing -- Invigorate writing instruction -- Reading like a writer.
588 _aDescription based on print version record and CIP data provided by publisher; resource not viewed.
650 0 _aEnglish language
_xComposition and exercises
_xStudy and teaching (Elementary)
_996132
650 0 _aEnglish language
_xComposition and exercises
_xEvaluation.
_996133
650 0 _aComposition (Language arts)
_xStudy and teaching (Elementary)
_996134
650 0 _aComposition (Language arts)
_xEvaluation.
_996135
776 0 8 _iPrint version:
_aCulham, Ruth, author.
_tTeach writing well
_dPortland, Maine : Stenhouse Publishers, [2018]
_z9781625311177
_w(DLC) 2017049035
906 _a7
_bcbc
_corigcop
_d1
_eecip
_f20
_gy-gencatlg
942 _2ddc
_cLC
999 _c590734
_d590734